| 000 | 00755cam a2200229 4500 | ||
|---|---|---|---|
| 999 |
_c4878 _d4878 |
||
| 003 | ALUPE UNIVERSITY | ||
| 005 | 20220330095559.0 | ||
| 008 | 730301s1972 enka 000 0 eng b | ||
| 020 | _a0852257414 | ||
| 040 | _cALUPE UNIVERSITY | ||
| 050 | 1 | 0 |
_aRM701 _b.W33 1972 |
| 060 | _aWZ100 W118 1972 | ||
| 100 | 1 | _aWaddington, P. A. J. | |
| 245 | 1 | 0 |
_aTowards recovery: _ba career in physiotherapy, _cby Pat Waddington. With a foreword by the Baroness Masham of Ilton. |
| 260 |
_aReading, _bEducational Explorers, _cc1972. |
||
| 300 |
_a129 p. _billus. _c22 cm. |
||
| 350 | _a£1.50 | ||
| 650 | 0 |
_aPhysical therapy _xVocational guidance. |
|
| 650 | 2 |
_aPhysical therapy _xHistory. |
|
| 906 |
_a7 _bcbc _corignew _d3 _encip _f19 _gy-gencatlg |
||
| 942 |
_2lcc _cBK |
||